• 首页
  • 本馆介绍
  • 公告通知
  • 最新文献
  • 馆藏检索
  • 电子资源
  • 读者导购
  • 参考咨询
  • 我的图书馆
  • 登录
  • 详细信息显示
  • 放入我的书架
  • 预约/预借图书
  • 作者相关作品
  • 分类相关作品
  • 丛书相关作品
  • 出版社相关作品

书目信息

  • 表格格式
  • 工作单格式
  • 卡片格式
题名:
生产率与支柱产业的发展
    
 
作者: 塞风 主编
分册:  
出版信息: 北京   中国人民大学出版社  1994.07
页数: 336页
开本: 20cm
丛书名:
单 册:
中图分类: F242
科图分类:
主题词: 劳动经济
电子资源:
ISBN: 7-300-01878-5
000 00568nam0 2200193 450
001 0632383469
005 20060809090224.09
010    @a7-300-01878-5@dCNY7.80
100    @a20060809d1994 km y0chiy0120 ea
101 0  @achi
102    @aCN@b110000
200 1  @a生产率与支柱产业的发展@Asheng chan lu yu zhi zhu chan ye de fa zhan@f塞风等主编@Fsai feng deng zhu bian
210    @a北京@c中国人民大学出版社@d1994.07
215    @a336页@d20cm
606 0  @a劳动经济
690    @aF242@v3
701  0 @a塞风@Asai feng@4主编
801  0 @aCN@bPFT@c20060809
905    @a10447@dF242@e36
    
    生产率与支柱产业的发展/塞风等主编.-北京:中国人民大学出版社,1994.07
    336页;20cm
    
    
    ISBN 7-300-01878-5:CNY7.80
    
●
相关链接 在E读中查询图书 在五车中查询图书 在当当中查询图书 在豆瓣中查询图书


正题名:生产率与支柱产业的发展     索取号:F242/36         预约/预借

序号 登录号 条形码 馆藏地/架位号 状态 备注
1 0448348   204483488   密集书库/ [索取号:F242/36] 在馆    
2 0449938   204499382   密集书库/ [索取号:F242/36] 在馆    
唐山师范学院图书馆 欢迎您!
大连网信软件有限公司© 版权所有